=LDR 00000nam 2200000 4500 =001 INLIS000000000042516 =005 20131008015318 =008 ***********************************ind** =035 ##$$0010-101300000000438 =041 ##$$a ind =082 ##$$a 663.63 =090 ##$$a 663.63, Din j =100 ##$$a Dinny Kurniasari =245 ##$$a Jus dan kesehatan, Dinny kurniasari =260 ##$$a 2011 $b Jakarta =300 ##$$a iv,76 hlm, Ilus, 25 cm =650 ##$$a JUS, MINUMAN =850 ##$$a NBPNMAT =990 ##$$a 0001/BPAP-NTB/20142014 =990 ##$$a 0001/BPAP-NTB/2016